000 00555nam a2200181Ia 4500
008 090123s9999 xx 000 0 und d
082 _b42932
100 _aचैतन्य दिपक
245 _aमला काही सांगायचंय
250 _a1
260 _c2008
300 _a148
600 _aचैतन्य दिपक
630 _aमला काही सांगायचंय
700 _aचैतन्य दिपक
730 _aमला काही सांगायचंय
942 _cBOOK
999 _c81193
_d81193